000 00956cam a2200217 a 4500
001 15898206
005 20180226074121.0
008 090908s2000 ksua j 000 0 eng
010 _a 2009502409
040 _aDLC
_cDLC
_dDLC
041 _aeng
080 _a646.70083 COV
082 0 0 _a646.70083 COV
_222
100 _a 48
101 _aPSI
245 0 4 _aThe 7 good habits of Sunnyvale kids.
246 3 _aSeven good habits of Sunnyvale kids.
906 _a7
_bcbc
_corignew
_d2
_encip
_f20
_gy-gencatlg
942 _2ddc
_cBK
999 _c43457
_d43457